| 000 | 01136cam a22003137a 4500 | ||
|---|---|---|---|
| 003 | CHAP | ||
| 005 | 20220329141352.0 | ||
| 008 | 971013s1985 r 00010 d | ||
| 010 | _a67139 | ||
| 011 | _a68111 | ||
| 035 | _a77583 | ||
| 040 | _cCHAP | ||
| 090 | _aTesis | ||
| 100 | 0 | 0 |
_aBenita de León, Luis Rafael. _911579 |
| 245 | 0 | _aEstimación de la heredabilidad y predicción de la respuesta de selección para cuatro caracteres de sorgo granífero (Sorghum bicolor L. Moench.) Marín, N. L., primavera 1981 | |
| 260 |
_aMarín, N. L. : _bEl autor, _c1985 |
||
| 300 | _a91 h. | ||
| 502 | _aTesis (Ing. Agrónomo Fitotecnista) -- Universidad Autónoma de Nuevo León. Fac. de Agronomía | ||
| 590 |
_aALEPH _b10 _c20130110 _lUCH01 _h1401 |
||
| 590 |
_aBATCH-UPD _b10 _c20130110 _lUCH01 _h1244 |
||
| 590 |
_aBATCH-UPD _b10 _c20130410 _lUCH01 _h0808 |
||
| 590 |
_aBATCH-UPD _b10 _c20130914 _lUCH01 _h2031 |
||
| 590 |
_aCONVERSION _b10 _c20130109 _lUCH01 _h1337 |
||
| 650 | 1 | 4 |
_aSorgo _xGenética. _9108673 |
| 650 | 1 | 4 |
_aSorgo _xRendimiento. _9108714 |
| 901 | _aBK | ||
| 942 | _cTESIS | ||
| 949 |
_bBC _cTES _d-30453 _eTS1 _h20821 _i77583 _si |
||
| 999 |
_c67139 _d67139 |
||